000 01079cab a2200229 4500
001 ABS67466
008 040126n2004 000 0 eng u
035 _a(Sirsi) u124905
100 _aJessel, C.
245 _aCash Cow
260 _c2004
490 _aEstates Gazette
_v(0403) 17 January 2004, 96-97(2)
520 _aExamines the economics of farming with the introduction of the European Union's new yearly payment under The Common Agricultural Policy. Discusses how the payment is calculated and how neighbouring farms may have different rates per hectare. Outlines how a farmer will make his claim for the payment. Also considers cross compliance and the transfer of entitlement and how this may affect land values and changes in occupancy.
590 _aABS
650 _aCOMMON AGRICULTURAL POLICY
650 _aEUROPEAN UNION
650 _aPROPERTY-RURAL AND NATURAL ASSETS-AGRICULTURAL PROPERTY-AGRICULTURAL LAND
650 _aINTEGRATED ADMINISTRATION AND CONTROL SYSTEM
650 _aSUBSIDIES
690 _aRURAL-AGRICULTURE AND FORESTRY
942 _n0
999 _c74072
_d74072